Cargando...

Mahacharithamala 114 : Ikkanda Warrier Paravoor T K Narayana Pillai P T Chacko R Sugathan T V Thomas.

Detalles Bibliográficos
Autor Principal: Panikker, N. K.
Formato: Printed Book
Idioma:Malayalam
Publicado: Kottayam : Kairali Childrens Book Trust , 1983.
LEADER 00590nam a2200133Ia 4500
008 150624b xxu||||| |||| 00| | mal d
082 |a 920.02 
100 |a Panikker, N. K. 
245 |c N. K. Panikker.  |a Mahacharithamala 114 :  |b Ikkanda Warrier Paravoor T K Narayana Pillai P T Chacko R Sugathan T V Thomas. 
260 |a Kottayam :  |b Kairali Childrens Book Trust ,  |c 1983. 
546 |a In Malayalam. 
942 |c BK 
999 |c 364846  |d 364846 
952 |0 0  |1 0  |2 ddc  |4 0  |6 920_020000000000000_MAH_114  |7 0  |9 425280  |a UL  |b UL  |c ST2  |d 2021-12-28  |e Donation -I.G.Bhaskara Panikker Family  |o 920.02 MAH.114  |p 53148  |r 2021-12-28  |y BK